Flagi historycznych państw nieuznawanych - Statystyki

Ogólne statystyki
  • Ten quiz został rozwiązany 11 razy
  • Średni wynik to 9 z 37
Statystyki odpowiedzi
Obrazkowy Odpowiedź % Poprawnych
Tybet
90%
Górski Karabach
80%
Czeczenia
60%
Doniecka Republika Ludowa
50%
Ługańska Republika Ludowa
50%
Herceg-Bośnia
40%
Krym
40%
Republika Serbska
40%
Adżaria
30%
Anguilla
30%
Rodezja
30%
Venda
30%
Zachodnia Bośnia
30%
Biafra
20%
Gaugazja
20%
Jubaland
20%
Kabinda
20%
Katanga
20%
Nachiczewan
20%
Południowe Moluki
20%
Republika Serbskiej Krajiny
20%
Tatarstan
20%
Anjouan
10%
Bophuthatswana
10%
Buganda
10%
Ciskei
10%
Hajdarabad
10%
Kaczin
10%
Kasai Południowe
10%
Mohéli
10%
Rotuma
10%
Suwadiwy
10%
Tanna
10%
Transkei
10%
Vemerana
10%
Waziristan
10%
Wyspa Bougainville’a
10%
Nie znaleziono quizów pasujących do podanych kryteriów
Rozkład punktacji
Procent ludzi z każdym wynikiem
Percentyl według liczby udzielonych odpowiedzi
Twoja historia wyników
Nie rozwiązałeś tego quizu